00425nam a2200169 a 4500008004100000020001500041050001500056100002400071245001900095250001200114260003200126300002400158350000900182650001900191650001200210700003300222120416s1978 ||||||||||||||||| || u a0023355301 aTJ 265 Fai aSimmang, Clifford M10aThermodynamics a6th ed. aNew York :bMacmillanc1978 axxiii, 647p. : ill. a0.00 aTHERMODYNAMICS 0aPHYSICS aFaires, Virgil Moring, 1897-